Mi libro de sexto año : lengua nacional

Gespeichert in:
Bibliographische Detailangaben
1. Verfasser: Norma, Carmen (VerfasserIn)
Körperschaft: México. Comisión Nacional de los Libros de Texto Gratuitos.
Format: Buch
Sprache:Spanisch
Erschienen: México : Secretaría de Educación Pública, Comisión Nacional de los Libros de Texto Gratuitos, 1968.
Katalog:MANES:  Suchergebnis im Bibliothekskatalog
Schulbuchspezifische Eigenschaften:
Schriftenreihe:Libro de texto gratuito
Online-Zugang:CONALITEG
Tags: Tag hinzufügen
Keine Tags, Fügen Sie den ersten Tag hinzu!
Hinzugefügt zu:02.07.2008
Geändert in:08.05.2025

MARC

LEADER 00000cam a2200000 a 4500
003 OSt
005 20250508092049.0
008 080703n1970 mx f 000 0 spa d
040 |a CINV  |c CINV 
050 0 4 |a LTG LB1577  |b M49 6º 1968 
110 2 |a México.  |b Comisión Nacional de los Libros de Texto Gratuitos.  |9 24416 
245 1 3 |a Mi libro de sexto año :  |b lengua nacional /  |c Carmen Norma. 
260 |a México :  |b Secretaría de Educación Pública, Comisión Nacional de los Libros de Texto Gratuitos,  |c 1968. 
300 |a 237 p. :  |b il. ;  |c 26 cm. 
440 |a Libro de texto gratuito  |9 21882 
546 |a México 
561 |5 mx-CINVES  |a México. DIE-Cinvestav (Ciudad de México)  |k MANES 
690 0 |a EyL 
691 0 |a PRI 
700 |a Norma, Carmen,  |e coaut.  |9 22438 
856 |3 CONALITEG  |u https://historico.conaliteg.gob.mx/content/restricted/libros/carrusel.jsf?idLibro=375 
910 |a E-37809 
942 |2 lcc  |c BK 
999 |c 85486  |d 85486 
999 |c manes:85486  |d 85486